Obráběcí stroje na EMO Hannover 2001 : Sborník přednášek ze semináře. Praha, listopad, 2001

Na minha lista:
Detalhes bibliográficos
Formato: Livro
Idioma:tcheco
Publicado em: Praha : České vysoké učení technické v Praze, 2001
Assuntos:
Tags: Adicionar Tag
Sem tags, seja o primeiro a adicionar uma tag!

MARC

LEADER 00000nam a22000003a 4500
001 stu75685
005 20150617225648.0
008 020516s2001----xr------------------cze-d
020 |a 80-238-7849-2 
040 |a STU  |b slo 
041 0 |a cze 
044 |a xr 
080 |a 621.9.06 
100 1 |a Houša, Jaromír  |4 lso 
245 1 |a Obráběcí stroje na EMO Hannover 2001 :  |b Sborník přednášek ze semináře. Praha, listopad, 2001 
260 |a Praha :  |b České vysoké učení technické v Praze,  |c 2001 
300 |a 237 s 
650 7 |a stroje obrábacie  |2 stusub 
996 |b 284M049851  |c M*Z-2024  |l MMKN  |s A  |a 24  |w stu75685_0001